[Event "AUTO-INT-3958"]
[Site "http://www.queenalice.com/game.php?id=1868402"]
[Date "2026.1.25"]
[Round "1"]
[White "ajr"]
[Black "tche_elvio"]
[Result "0-1"]
[WhiteElo "1617"]
[BlackElo "1591"]

1. d4 Nf6 2. Nf3 g6 3. Nc3 Bg7 4. e4 d6 5. h3 h6 6. e5 Nh5 7. g4 dxe5 8. gxh5 g5
9. Nxe5 Bxe5 10. dxe5 O-O 11. Qxd8 Rxd8 12. Bd3 f6 13. exf6 exf6 14. Nd5 Rxd5
15. Bc4 c6 16. O-O Be6 17. Bxd5 Bxd5 18. Re1 Na6 19. b3 Kf7 20. Re3 Nc5 21. Bb2
Ne4 22. Rd1 Re8 23. f3 Ng3 24. Rxe8 Kxe8 25. Bxf6 Bxf3 26. Re1+ Kf7 27. Be5 Nxh5
28. Kf2 Bd5 29. Bd6 Nf6 30. Re7+ Kg6 31. Rxb7 c5 32. Bxc5 Bxb7 33. c4 a6 34. a4
Ne4+ 0-1

[Event "AUTO-INT-3958"]
[Site "http://www.queenalice.com/game.php?id=1868403"]
[Date "2026.1.25"]
[Round "1"]
[White "tche_elvio"]
[Black "ajr"]
[Result "0-1"]
[WhiteElo "1607"]
[BlackElo "1601"]

1. e4 c5 2. d3 h6 3. g3 e5 4. Bg2 d6 5. Nf3 Bg4 6. O-O Bxf3 7. Qxf3 f6 8. c4 Nc6
9. b3 Nd4 10. Qh5+ Kd7 11. Nc3 Ne7 12. Bh3+ Kc6 13. Be3 g6 14. Qd1 h5 15. Bxd4
exd4 16. Nb5 a6 17. Na3 Qa5 18. Qc1 g5 19. Nc2 g4 20. Bg2 Bh6 21. e5+ Kd7 22.
Qa3 Qxa3 23. Nxa3 fxe5 24. Nc2 Ke6 25. a3 Rab8 26. b4 b6 27. Bd5+ Nxd5 28. cxd5+
Kxd5 29. bxc5 bxc5 30. Rab1 Rb5 31. Rxb5 axb5 32. f4 Rf8 33. fxe5 Rxf1+ 34. Kxf1
dxe5 0-1

[Event "AUTO-INT-3958"]
[Site "http://www.queenalice.com/game.php?id=1868418"]
[Date "2026.1.25"]
[Round "1"]
[White "Ruusgugg"]
[Black "tche_elvio"]
[Result "0-1"]
[WhiteElo "1478"]
[BlackElo "1615"]

1. c3 e5 2. Nf3 d6 3. d4 e4 4. Ng5 d5 5. f3 h6 6. Nh3 Nf6 7. fxe4 Bd6 8. e5 Be7
9. Nf4 Ne4 10. Nxd5 Bh4+ 11. g3 Qxd5 12. gxh4 Qd8 13. Be3 Qxh4+ 14. Bf2 Qxf2#
0-1

[Event "AUTO-INT-3958"]
[Site "http://www.queenalice.com/game.php?id=1868419"]
[Date "2026.1.25"]
[Round "1"]
[White "tche_elvio"]
[Black "Ruusgugg"]
[Result "0-1"]
[WhiteElo "1608"]
[BlackElo "1496"]

1. e4 d5 2. e5 f6 3. Nf3 Bg4 4. Be2 fxe5 5. d3 d4 6. h3 Bh5 7. O-O Bg6 8. b3 a5
9. a4 c5 10. Bb2 Nc6 11. c3 Nf6 12. Nbd2 e4 13. Nxe4 Nh5 14. cxd4 cxd4 15. Nfd2
Nf4 16. Nc4 Nb4 17. Nc5 Qd5 18. Bf3 Qxc5 19. Bxb7 Rd8 20. Qf3 Nfxd3 21. Ba3 Bh5
22. Qxd3 Qc7 23. Bxb4 Qxb7 24. Bxa5 Rd5 25. Bb6 Rg5 26. Qxd4 Qxg2# 0-1

[Event "AUTO-INT-3958"]
[Site "http://www.queenalice.com/game.php?id=1868428"]
[Date "2026.1.25"]
[Round "1"]
[White "Rasumichin"]
[Black "tche_elvio"]
[Result "1-0"]
[WhiteElo "1622"]
[BlackElo "1628"]

1. e4 c5 2. Nf3 Nc6 3. d4 cxd4 4. Nxd4 e5 5. Nb5 d6 6. Be3 g6 7. Bc4 Bg7 8. Qd5
Qe7 9. N1c3 Nf6 10. Qxd6 O-O 11. Qxe7 Nxe7 12. Nc7 Rb8 13. O-O a6 14. Rfd1 b5
15. Bb3 h5 16. Bg5 Bb7 17. Rd7 Nxd7 18. Bxe7 Nc5 19. Bxc5 Rfc8 20. Bd6 Bc6 21.
Nxa6 Ra8 22. Nc5 Kh7 23. Bxf7 Kh6 24. Rd1 Bf6 25. Ne6 Bd7 26. Bf8+ Kh7 27. Nd5
Bxe6 28. Nxf6+ Kh8 29. Bxe6 Rxf8 30. Nd7 Rfd8 31. b4 Rxa2 32. Bxa2 Kg7 33. Be6
Kh6 34. g4 hxg4 35. c4 bxc4 36. Bxc4 Kg5 37. Rd5 Kf4 38. Nxe5 Rxd5 39. Bxd5 Kxe5
40. b5 1-0

[Event "AUTO-INT-3958"]
[Site "http://www.queenalice.com/game.php?id=1868429"]
[Date "2026.1.25"]
[Round "1"]
[White "tche_elvio"]
[Black "Rasumichin"]
[Result "1/2-1/2"]
[WhiteElo "1683"]
[BlackElo "1623"]

1. e4 e5 2. g3 Nc6 3. c3 Nf6 4. Bg2 Bc5 5. b4 Bb6 6. d3 d5 7. Ne2 d4 8. Bb2 Be6
9. Nd2 Qe7 10. a3 a5 11. O-O axb4 12. axb4 Rxa1 13. Qxa1 O-O 14. Qc1 Bg4 15. f3
Bd7 16. Ba3 Ra8 17. Nc4 Ba7 18. cxd4 exd4 19. Nd2 Qe5 20. Nb3 b6 21. b5 Ne7 22.
Bxe7 Qxe7 23. Nexd4 Qd6 24. Ne2 Qxd3 25. Ned4 Bxb5 26. Nxb5 Qxb5 27. Nd4 Qc5 28.
Qxc5 bxc5 29. Nc6 Bb6 30. Rd1 Kf8 31. Rd8+ Rxd8 32. Nxd8 c4+ 33. Kf1 c3 34. Ke2
Bd4 35. Nc6 Bg1 36. h3 Bc5 37. g4 g5 38. Kd3 c2 39. Kxc2 Nd7 40. Bf1 Be3 41. Na7
Ne5 42. Bg2 c5 43. Nb5 f6 44. Nc3 Ke7 45. Nd5+ Ke6 46. Nxe3 Kd6 47. Nf5+ Kc6 48.
Ne7+ Kd6 49. Nf5+ Ke6 50. Ng7+ Kf7 51. Nf5 Ke6 52. Ng7+ 1/2-1/2

[Event "AUTO-INT-3960"]
[Site "http://www.queenalice.com/game.php?id=1869202"]
[Date "2026.2.13"]
[Round "1"]
[White "Jsc"]
[Black "tche_elvio"]
[Result "1-0"]
[WhiteElo "1869"]
[BlackElo "1635"]

1. e4 c5 2. c3 Nc6 3. d4 d5 4. e5 c4 5. b3 e6 6. bxc4 h6 7. c5 Nge7 8. Nf3 Nf5
9. Bd3 Be7 10. g4 Nh4 11. Bf4 Nxf3+ 12. Qxf3 g5 13. Bg3 Bd7 14. Na3 a6 15. Rb1
b5 16. Nc2 Na5 17. Ne3 Nc4 18. Nxc4 bxc4 19. Bc2 O-O 20. Qe3 f6 21. O-O Kg7 22.
f4 fxe5 23. Qxe5+ Bf6 24. Qe3 e5 25. fxe5 Be7 26. Bf5 Bxf5 27. gxf5 Rb8 28. f6+
Bxf6 29. exf6+ Kg8 30. Rxb8 Qxb8 31. Bxb8 1-0

[Event "AUTO-INT-3960"]
[Site "http://www.queenalice.com/game.php?id=1869203"]
[Date "2026.2.13"]
[Round "1"]
[White "tche_elvio"]
[Black "Jsc"]
[Result "0-1"]
[WhiteElo "1644"]
[BlackElo "1827"]

1. e4 e6 2. d4 d5 3. e5 c5 4. Nf3 cxd4 5. Nxd4 a6 6. Bd3 Qc7 7. Bf4 Ne7 8. O-O
Nbc6 9. Nxc6 bxc6 10. Nd2 a5 11. a4 Ba6 12. Bxa6 Rxa6 13. b3 Ng6 14. Qe2 Ra8 15.
c4 Nxf4 16. Qf3 Ng6 17. cxd5 cxd5 18. Rac1 Qxe5 19. Rfe1 Qd6 20. g3 Be7 21. h4
O-O 22. Kg2 Qb4 23. Qc3 Qxc3 24. Rxc3 Bb4 25. Rd3 Bxd2 26. Rxd2 Rab8 27. Rb1
Rfc8 28. Rdb2 Rc3 29. b4 axb4 30. Rxb4 Rxb4 31. Rxb4 Rc8 32. f4 Ne7 33. Rb7 Kf8
34. a5 Ra8 35. a6 Nc6 36. Rb6 Nb8 37. a7 Nd7 38. Rb7 Ke8 39. Kf3 Kd8 0-1

[Event "AUTO-INT-3960"]
[Site "http://www.queenalice.com/game.php?id=1869220"]
[Date "2026.2.13"]
[Round "1"]
[White "tche_elvio"]
[Black "renet54"]
[Result "1-0"]
[WhiteElo "1604"]
[BlackElo "1658"]

1. e4 e5 2. g3 Nc6 3. Bg2 Bc5 4. c3 Qf6 5. d4 exd4 6. Nf3 Nge7 7. O-O O-O 8. h4
d6 9. Bf4 Bg4 10. Nbd2 Rad8 11. Bg5 Qe6 12. Bxe7 Nxe7 13. Qc2 dxc3 14. Ng5 Qe5
15. Ngf3 cxb2 16. Rab1 Ng6 17. Nxe5 Nxe5 18. Rxb2 b6 19. Kh2 Kh8 20. f3 Bh5 21.
Nb3 g6 22. Nxc5 bxc5 23. Qc3 f6 24. Qb3 f5 25. exf5 Rxf5 26. g4 Bxg4 27. fxg4
Nxg4+ 28. Kg1 Rxf1+ 29. Bxf1 h5 30. Qc3+ Kh7 31. Bd3 1-0

[Event "AUTO-INT-3960"]
[Site "http://www.queenalice.com/game.php?id=1869221"]
[Date "2026.2.13"]
[Round "1"]
[White "renet54"]
[Black "tche_elvio"]
[Result "0-1"]
[WhiteElo "1672"]
[BlackElo "1626"]

1. d4 g6 2. Nf3 Bg7 3. Bf4 d6 4. e3 e6 5. Nc3 Ne7 6. Bc4 O-O 7. O-O a6 8. Bg5
Nd7 9. Qd3 b5 10. Bb3 Bb7 11. Rfd1 c5 12. dxc5 Nxc5 13. Qe2 Nxb3 14. axb3 Qd7
15. Rd3 h5 16. Rad1 Bxf3 17. Qxf3 Nf5 18. Bf4 Bxc3 19. Rxc3 d5 20. Rc7 Qe8 21.
Be5 Qd8 22. e4 Nh4 23. Qe3 f6 24. Bg3 Rf7 25. Rxf7 Kxf7 26. Bxh4 g5 27. e5 gxh4
28. h3 Qh8 29. Rxd5 exd5 30. e6+ Ke7 31. c4 dxc4 32. Qe4 Qg8 33. bxc4 Qxe6 34.
Qxa8 Qxc4 35. Qxa6 Qc1+ 36. Kh2 Qxb2 37. Qb7+ Kf8 38. Qc8+ Kg7 39. Qd7+ Kg6 40.
Qd3+ Kg5 41. Qe3+ Kf5 42. Qf3+ Kg5 43. Qe3+ Kf5 44. g4+ hxg3+ 45. Kxg3 Qe5+ 46.
Kh4 b4 47. Qh6 Qf4+ 0-1

[Event "Challenge"]
[Site "http://www.queenalice.com/game.php?id=1870597"]
[Date "2026.3.15"]
[Round "-"]
[White "tche_elvio"]
[Black "crisvolei"]
[Result "1-0"]
[WhiteElo "1612"]
[BlackElo "1588"]

1. e4 e5 2. g3 Qf6 3. Qf3 Qxf3 4. Nxf3 f6 5. Bg2 Nc6 6. c3 Bc5 7. O-O Nge7 8. b4
Bb6 9. a4 a5 10. Bb2 axb4 11. a5 bxc3 12. Bxc3 d5 13. axb6 Rxa1 14. exd5 Ra2 15.
h4 h5 16. dxc6 cxb6 17. cxb7 Bxb7 18. d4 O-O 19. Nbd2 Ba6 20. Ra1 Rxa1+ 21. Bxa1
Nd5 22. dxe5 f5 23. Ng5 f4 24. Bxd5+ Kh8 25. Nf7+ Kh7 26. e6 fxg3 27. fxg3 Kg6
28. Ne4 Kf5 29. Neg5 g6 30. Nh6# 1-0

[Event "Challenge"]
[Site "http://www.queenalice.com/game.php?id=1870598"]
[Date "2026.3.15"]
[Round "-"]
[White "crisvolei"]
[Black "tche_elvio"]
[Result "0-1"]
[WhiteElo "1584"]
[BlackElo "1649"]

1. e4 c5 2. Bc4 e6 3. e5 Nc6 4. f4 d6 5. Bb5 Bd7 6. exd6 Bxd6 7. Qg4 Qc7 8. Qxg7
Bxf4 9. Qxh8 Qe5+ 10. Qxe5 Nxe5 11. Bxd7+ Nxd7 12. g3 Bg5 13. Nc3 f5 14. Nb5 Ke7
15. Nf3 Bf6 16. c3 h5 17. d4 cxd4 18. Nbxd4 Ne5 19. Nxe5 Bxe5 20. Bg5+ Nf6 21.
Bf4 Bxf4 22. gxf4 a6 23. O-O-O Ng4 24. Rd2 Rd8 25. Re1 Kf6 26. Kc2 h4 27. Nf3
Rxd2+ 28. Nxd2 Nxh2 29. Nc4 b5 30. Na5 Nf3 31. Re2 h3 32. Nc6 h2 33. Nd4 h1=Q
34. Nxf3 Qxf3 35. Rd2 Qxf4 36. b4 Qe4+ 37. Kb3 Qb1+ 38. Ka3 Qc1+ 39. Rb2 Qxc3+
40. Rb3 Qc4 41. Rb2 f4 42. Rh2 Kf5 43. Rh5+ Ke4 44. Rc5 Qd3+ 45. Kb2 f3 46. Rc3
f2 47. Rxd3 Kxd3 0-1

[Event "AUTO-INT-3964"]
[Site "http://www.queenalice.com/game.php?id=1871070"]
[Date "2026.3.27"]
[Round "1"]
[White "Ticovi"]
[Black "tche_elvio"]
[Result "1-0"]
[WhiteElo "1731"]
[BlackElo "1681"]

1. e4 c5 2. c4 Nc6 3. Nc3 g6 4. d3 d6 5. Nf3 Bg4 6. h3 Bd7 7. a3 Bg7 8. Be3 e5
9. Be2 Nf6 10. Qd2 a6 11. O-O Ne7 12. b3 O-O 13. Bh6 Nh5 14. Bxg7 Nxg7 15. Qh6
Be6 16. Ng5 Re8 17. Qxh7+ Kf8 18. Qh8+ Ng8 19. Nh7+ Ke7 20. Qxg7 Kd7 21. Bg4 Kc6
22. Bxe6 fxe6 23. Qxg6 b6 24. Ng5 Qe7 25. f4 exf4 26. Rxf4 b5 27. Rf7 Qd8 28.
Nxe6 Qc8 29. Nd5 Rxe6 30. Qxe6 Qxe6 31. Rc7# 1-0

[Event "Challenge"]
[Site "http://www.queenalice.com/game.php?id=1872020"]
[Date "2026.4.15"]
[Round "-"]
[White "tche_elvio"]
[Black "crisvolei"]
[Result "0-1"]
[WhiteElo "1667"]
[BlackElo "1593"]

1. e4 e5 2. Nf3 Qf6 3. Nc3 g5 4. d4 c6 5. Bxg5 Qe6 6. Nxe5 f6 7. Qg4 fxg5 8.
Qxe6+ dxe6 9. O-O-O Nf6 10. Bd3 c5 11. d5 exd5 12. Nxd5 Nxd5 13. exd5 Bg7 14.
Ng4 Bxg4 15. f3 Bd7 16. g3 O-O 17. Bc4 Rxf3 18. Kb1 Bf5 19. Bd3 Bxd3 20. Rxd3 g4
21. Rxf3 gxf3 22. c4 Nd7 23. b3 Rf8 0-1